| 000 | 00758nam a2200193 i 4500 | ||
|---|---|---|---|
| 001 | 171482 | ||
| 003 | ES-MaACL | ||
| 005 | 20230906214638.0 | ||
| 008 | 090518s1914 fr |||| | fre d | ||
| 080 | _a782.6 | ||
| 100 | 1 |
_aKraatz, Kurt. _9140201 |
|
| 245 | 1 | 0 |
_aMénage polonais (la Belle Polonaise) _b: vaudeville-opérette en trois actes / _cde Kurt Kraatz et Georges Okonkowski ; adaptation française de Claude Roland et José de Bérys ; musique de Jean Gilbert. |
| 260 |
_aParis : _bMax Eschig, _c1914. |
||
| 300 |
_a204 p. ; _c19 cm. |
||
| 650 | 4 |
_aOperetas- _vLibretos. _9139352 |
|
| 700 | 1 |
_aOkonkowski, Georges. _9140202 |
|
| 700 | 1 |
_aGilbert, Jean. _9140203 |
|
| 852 | 4 |
_aES-MaACL _jE-12650 _9R.140337 _z. - Biblioteca Jacinto Martínez Lacalle |
|
| 999 |
_c171482 _d171482 |
||